समाजशास्त्रीय सांख्यिकी (Record no. 1456)

MARC details
000 -LEADER
fixed length control field 00958 a2200205 4500
005 - DATE AND TIME OF LATEST TRANSACTION
control field 2008090909469.0
008 - FIXED-LENGTH DATA ELEMENTS--GENERAL INFORMATION
fixed length control field 080909t xxu||||| |||| 00| 0 hin d
010 ## - LIBRARY OF CONGRESS CONTROL NUMBER
LC control number HIN-79265
020 ## - INTERNATIONAL STANDARD BOOK NUMBER
International Standard Book Number 8186398511
Terms of availability 600.00
035 ## - SYSTEM CONTROL NUMBER
System control number HN-51611
037 ## - SOURCE OF ACQUISITION
Source of stock number/acquisition D.B.Act / pub
082 ## - DEWEY DECIMAL CLASSIFICATION NUMBER
Classification number 310
100 ## - MAIN ENTRY--PERSONAL NAME
Personal name राठौड़, अजयसिंह
245 ## - TITLE STATEMENT
Title समाजशास्त्रीय सांख्यिकी
Statement of responsibility, etc अजयसिंह राठौड़
260 ## - PUBLICATION, DISTRIBUTION, ETC. (IMPRINT)
Place of publication, distribution, etc जयपुर
Name of publisher, distributor, etc रिसर्च पब्लिकेशन्स
Date of publication, distribution, etc 2005
270 ## - ADDRESS
Address 89,त्रिपोलिया बाजार
City जयपुर
Telephone number 0141-318415
300 ## - PHYSICAL DESCRIPTION
Extent 462पृ
Dimensions 24सेमी (सजिल्द)
942 ## - ADDED ENTRY ELEMENTS (KOHA)
Institution code [OBSOLETE] dpl
Koha item type Hindi Books
Call number prefix 310 / राठौड़
Source of classification or shelving scheme Dewey Decimal Classification
Classification part 310
Call number suffix राठौड़
Holdings
Withdrawn status Lost status Damaged status Not for loan Home library Current library Date acquired Cost, normal purchase price Total Checkouts Full call number Barcode Date last seen Copy number Uniform Resource Identifier Cost, replacement price Price effective from Koha item type
        D.B.Act.Division D.B.Act.Division 09/09/2008 600.00   310 राठौड़ HN-51611 15/09/2008 1 1529 600.00 15/09/2008 Hindi Books

© Delhi Public Library
Hit Counter
free hit counter